| 000 | 00798cam a2200241 a 4500 | ||
|---|---|---|---|
| 001 | 000006948 | ||
| 005 | 20260305073955.0 | ||
| 008 | 800912s2001 ve 000 0 spa | ||
| 035 | _a(DLC) 80117943 | ||
| 040 |
_aDO-SdBNP _bspa _cDLC _dDLC _dBNPHU |
||
| 082 |
_a923.187 _bB689P, 2001 |
||
| 100 | 1 |
_aPérez Arcay, Jacinto Rafael. _919286 |
|
| 245 | 1 | 3 |
_aEl fuego sagrado : _bBolivar hoy / _cJacinto Pérez Arcay. |
| 250 | _a15a ed. | ||
| 260 |
_aCaracas : _bTalleres Lipográficos de Gráficos Reus, _c2001. |
||
| 300 |
_a346, [347]p. ; _c22 cm. |
||
| 504 | _aIncluye referencias bibliográficas. | ||
| 600 | 1 | 0 |
_aBolívar, Simón, _d1783-1830 _9253 |
| 651 | 4 |
_aVenezuela _xHistoria _93660 |
|
| 651 | 4 |
_aVenezuela _xHistoria _y1974-1999. _919287 |
|
| 910 | _aCatalogación derivada. | ||
| 049 | _aBNGR | ||
| 999 |
_c6732 _d6732 |
||